[Event "Noyabrsk Fakel Jamala"]
[Site "Noyabrsk"]
[Date "2003.11.20"]
[Round "3"]
[White "Baklan, Vladimir"]
[Black "Kovchan, Alexander"]
[Result "1-0"]
[WhiteElo "2600"]
[BlackElo "2561"]
[Annotator "Psakhis,L"]
[PlyCount "77"]
[EventDate "2003.11.18"]
[EventType "tourn"]
[EventRounds "11"]
[EventCountry "RUS"]
[EventCategory "10"]
[SourceTitle "CBM 099"]
[Source "ChessBase"]
[SourceDate "2004.03.30"]
[SourceVersion "1"]
[SourceVersionDate "2004.03.30"]
[SourceQuality "1"]

1. e4 c5 2. Nf3 d6 3. Bb5+ Nc6 4. Bxc6+ (4. O-O Bd7 5. c3 Nf6 6. Re1 a6 $13)
4... bxc6 5. O-O Bg4 (5... e5 6. c3 Nf6 7. Re1 Be7 8. d4 cxd4 9. cxd4 Qc7 10.
dxe5 dxe5 11. Nc3 O-O 12. Bg5 h6 13. Bxf6 Bxf6 14. Rc1 Qa5 15. Qa4 Qb6 16. Nd1
Bd7 17. Ne3 Be6 18. b3 Rfc8 19. Nc4 Qb8 20. Qa5 $14 {1-0 Belkhodja,S-Al
Zendani,Z/Arab-ch Cairo 2003/ (35)}) 6. c3 e6 (6... Nf6 $5 7. Re1 (7. d3 Nd7 8.
Be3 Qb8 9. Nbd2 Qxb2 10. d4 cxd4 11. cxd4 g6 12. Qa4 Qb5 13. Qa3 Nb6 14. Rfc1
Bg7 15. Rab1 Qa4 16. Qxa4 Nxa4 17. Rxc6 Rc8 $1 $13 {Rublevsky,S-Ivanchuk,V/
Polanica Zdroj 1998 /1/2-1/2 (42)}) 7... Nd7 8. d4 e6 9. h3 Bh5 10. Be3 cxd4
11. cxd4 Be7 12. Nbd2 O-O 13. Rc1 Rb8 $11 {Klinova,M-Galliamova,A/ECC CupW
Rethymnon 2003//0-1 (59)}) 7. d4 $146 (7. d3 Qc7 8. Nbd2 Be7 9. Qa4 e5 10. d4
cxd4 11. cxd4 exd4 12. Nxd4 Bd7 13. N4f3 Nf6 14. Re1 O-O 15. e5 dxe5 16. Nxe5
Bd6 17. Ndc4 $14 {1-0 Conde,J-Gonzalez,A/Spain jr 1998 (25)}) 7... Bxf3 $6 (
7... cxd4 $142 8. cxd4 Nf6 $13) 8. Qxf3 d5 9. dxc5 (9. Be3 Nf6 10. Nd2 cxd4 $13
) 9... Bxc5 10. Qg3 Bf8 (10... dxe4 11. Qxg7 Qf6 12. Qg3 (12. Bh6 $2 Qxh6 13.
Qxh8 O-O-O $19 {[%csl Rh8]}) 12... Ne7 13. Nd2 $36) 11. c4 Nf6 (11... dxe4 12.
Nc3 Nf6 13. Rd1 Qb8 14. Bf4 $36) 12. Nc3 d4 {Black wrongly decided that it
would be safer for his king here while the centre is closed.} (12... Nxe4 $5
13. Nxe4 dxe4 14. b3 Qd3 15. Be3 $44 {[%csl Re8]}) 13. e5 Nd7 (13... dxc3 14.
exf6 Qxf6 15. Bg5) 14. Ne4 c5 15. Bf4 {[%csl Ge4,Ge8,Gf4] White has an obvious
advantage - both in the centre and in development.} g6 $6 {[%csl Rd6,Rf6]
Black worsens his pawn structure and produces many weaknesses on the king's
side, but any case he had quite big troubles with development.} 16. Bg5 {
Now Black has troubles with protection of important dark squares aroung his
king.} Qb6 17. Rab1 Rc8 (17... h6 18. Nf6+ Nxf6 19. Bxf6 $32) 18. Rfd1 Rc6 {
Black desperately tries to cover the dark squares.} 19. Bf6 $5 Nxf6 (19... Rg8
20. Rd2 Qc7 21. b3 $16) 20. Nxf6+ Kd8 21. Rd3 {[%cal Gd3b3]} (21. b4 $5 cxb4
$140 22. Qh4 {[%csl Rd4]}) 21... Kc8 22. Qf3 Qb7 23. b4 $1 {Thanks to his pawn
majority in the queen side, White keeps a clear advantage.} Rb6 (23... cxb4 24.
Rxd4) 24. Ne4 (24. Qe2 $5) 24... Be7 (24... Rxb4 25. Rdb3 Be7 26. Rxb4 cxb4 27.
a3 $16) 25. h3 (25. a3 $5) (25. b5 $5) 25... Rf8 (25... Rxb4 $5 26. Rxb4 cxb4
27. Rxd4 Rd8) 26. b5 $5 Kb8 (26... Qc7 27. Qg3 f6 28. exf6 Qxg3 29. Rxg3 Bxf6
30. Ra3 Kb8 31. Nxc5 $18) 27. Rdb3 Qc7 28. Qg3 Rb7 29. Ra3 {[%cal Ga3a6]} Rd8
30. Rbb3 Rb6 31. Ra6 $5 Rd7 32. a4 $6 (32. Ra4 $5 $16) 32... Qc8 (32... Rxa6
$142 33. bxa6+ Kc8 34. Rb5 $36) 33. Qf3 Bf8 (33... Rdb7 $5) 34. a5 $18 {
White's positional advantage is decisive.} Rbb7 (34... Rxa6 35. bxa6+ Kc7 36.
Rb7+ Kd8 37. Qf6+ Ke8 38. Nd6+ Bxd6 39. exd6 $18) 35. Nd6 (35. b6 $5 Rxb6 $140
36. axb6 Qxa6 37. bxa7+) 35... Bxd6 36. exd6 {[%cal Ga6c6]} Qd8 37. b6 $18 Qc8
38. bxa7+ Ka8 39. Rc6 1-0

[Event "Kramatorsk"]
[Site "Kramatorsk"]
[Date "2003.08.01"]
[Round "5"]
[White "Andreev, Eduard"]
[Black "Areshchenko, Alexander"]
[Result "1-0"]
[WhiteElo "2490"]
[BlackElo "2542"]
[Annotator "Psakhis,L"]
[PlyCount "59"]
[EventDate "2003.07.29"]
[EventType "tourn"]
[EventRounds "14"]
[EventCountry "UKR"]
[EventCategory "10"]
[SourceTitle "CBM 097"]
[Source "ChessBase"]
[SourceDate "2003.11.11"]
[SourceVersion "1"]
[SourceVersionDate "2003.11.11"]
[SourceQuality "1"]

1. e4 c5 2. Nf3 d6 3. Bb5+ Nd7 4. d4 Ngf6 5. Nc3 a6 6. Bxd7+ Nxd7 7. O-O e6 8.
dxc5 (8. Bg5 $5 Qc7 9. d5 e5 10. a4 h6 11. Bh4 g6 12. Nd2 Bg7 13. Nc4 Nb6 14.
Na3 Bd7 15. a5 Nc8 16. Nc4 $14 {1-0 Fontaine,R-Feletar,D/Novi Sad-1 GM 2003/ 
(33)}) 8... Nxc5 9. Bg5 Qb6 (9... f6 10. Be3 Be7 11. Nd4 Qd7 12. a4 e5 13. Nf5
Kf7 14. Nxe7 Qxe7 15. b4 Ne6 $16 {Rayner,F-Kupreichik,V/Bled Olympiad 2002/1/
2-1/2 (37)}) (9... Qc7 $5 10. Re1 f6 11. Bh4 b5 12. a3 Be7 13. Qd2 O-O 14. Rad1
Rb8 15. Bg3 Rd8 $132 {0-1 Sendera,J-Wojtaszek,R/POL Extraleague Lubniewice
2003/ (52)}) 10. Rb1 Bd7 (10... h6 11. Bf4 Bd7 12. Re1 g5 13. Bg3 Na4 14. Nxa4
Bxa4 15. b3 Bd7 16. Nd2 e5 17. Nc4 Qc6 18. f3 Be6 19. Ne3 Be7 20. c4 Bd8 21.
Qd2 Bb6 {1/2-1/2 Tkachiev,V-Oll,L/Wch Groningen 1997 (21)}) 11. Re1 $146 {
[%cal Rc3d5] Despite its obviousness, White's last move looks like a novelty.
Black has two bishops, however, White's pieces are better developed that's why
his position is preferable.} (11. b4 Na4 12. Nxa4 Bxa4 13. Qd3 h6 14. Be3 Qc7
15. c4 Be7 16. Rfc1 O-O 17. Nd4 Rfc8 18. h3 Be8 19. Ne2 Qd7 20. Rd1 Qa4 $11 {
Keres,P-Ljubojevic,L/Petropolis (izt) 16/388 1973/ /1/2-1/2 (41)}) 11... Na4 (
11... h6 12. Nd5 exd5 $8 13. exd5+ Ne6 14. Be3 $36) (11... f6 $5 12. Be3 Qc7
13. Nd4 $36) 12. Nd5 $1 {White is ideally developed, now it is time for action!
} Qc5 (12... exd5 13. exd5+ Be6 14. c4 $18) 13. c4 (13. Nd4 $5 {[%cal Gd1h5]})
13... f6 (13... h6 14. Bf6 $1 $40) 14. Bxf6 (14. Be3 Qc8 15. b3 $1 exd5 16.
exd5 Be7 17. bxa4 $16) 14... exd5 (14... gxf6 $2 15. Nxf6+ Ke7 16. Nxd7 Kxd7
17. Qxa4+ $18) 15. exd5+ Kf7 16. Bd4 (16. Ng5+ $5 Kg6 (16... Kxf6 17. Ne4+ Kf7
18. Nxc5 Nxc5 19. b4 Na4 20. c5 $1 $18) (16... Kg8 17. Qh5 g6 18. Qh4 h6 19. b3
$18) 17. Qd3+ Bf5 18. Qg3 {[%cal Rg5e4]} Kxf6 (18... Qc8 19. Ne4+ Bg4 20. Bd4
$18) 19. Qf4 $18 {[%cal Re1e6,Rg5e4]}) 16... Qxc4 (16... Qc8 $142 $1 17. Ng5+
Kg8 18. Qf3 $40) 17. Rc1 (17. Ng5+ $142 $1 Kg6 (17... Kg8 18. Qf3) 18. Ne6 Bxe6
19. dxe6 $18 {[%cal Rd1g4,Rb2b3]}) 17... Qb5 (17... Qxd5 18. Rc7 Rd8 19. Qxa4)
18. Ng5+ Kg6 (18... Kg8 19. Qf3 Be8 20. Rc7 {and, according to Fritz, white is
giving mate in 17 moves!}) 19. Ne6 (19. Qf3 $142 $5 Bf5 (19... h5 20. Qf7+ Kh6
21. Re6+ Bxe6 22. Bxg7+ Bxg7 23. Qxe6+ Kxg5 24. h4+ Kf4 25. g3+ Kf3 26. Qe3+
Kg4 27. Qf4+ Kh3 28. Qf5#) 20. g4 $18) 19... Re8 (19... Kf7 20. Qf3+ (20. Nc7
$18) 20... Kg8 21. Nxg7 $18) 20. Qg4+ {This move won also, but the game
deserves a more spectacular ending, for example} (20. Bxg7 $1 $18) (20. Qf3 $18
) 20... Kf7 21. Ng5+ (21. Re3 $142 $18) 21... Kg8 22. Qf3 Rxe1+ 23. Rxe1 Be8 $8
24. Qe4 (24. Ne6 Bf7 25. Nxf8 Kxf8 26. Qg3 $1 $18) 24... Bd7 (24... Qd7 25.
Qxe8 Qxe8 26. Rxe8) 25. Ne6 $1 {[%cal Re6f8]} Nc5 26. Bxc5 dxc5 27. Nxf8 Kxf8 (
27... Bc8 28. d6) 28. Qf4+ Kg8 29. Re7 Be8 30. Qe5 (30. Qe5 Bf7 31. Qb8+) 1-0

[Event "RUS-chT 12th"]
[Site "Sochi"]
[Date "2005.04.26"]
[Round "8"]
[White "Rublevsky, Sergei"]
[Black "Sorokin, Maxim"]
[Result "1-0"]
[WhiteElo "2645"]
[BlackElo "2599"]
[Annotator "Psakhis,L"]
[PlyCount "61"]
[EventDate "2005.04.19"]
[EventType "team-tourn"]
[EventRounds "11"]
[EventCountry "RUS"]
[SourceTitle "EXT 2020"]
[Source "ChessBase"]
[SourceDate "2019.10.17"]
[SourceVersion "1"]
[SourceVersionDate "2019.10.17"]
[SourceQuality "1"]
[WhiteTeam "Kazan Ladya"]
[BlackTeam "Samara Yunilain"]
[WhiteTeamCountry "RUS"]
[BlackTeamCountry "RUS"]

1. e4 c5 2. Nf3 Nc6 3. Bb5 {Rublevsky as usual avoid the sharp variations of
the open Sicilian.} d6 4. Bxc6+ bxc6 5. O-O e5 (5... Bg4 6. d3 e5 7. Nbd2 Nf6
8. h3 Bh5 9. c3 Be7 10. Re1 O-O 11. Nf1 Ne8 $1 $146 (11... Nd7 12. Ng3 Bg6 13.
Be3 Rb8 14. Qc2 Qc7 15. h4 h6 16. Qd2 Rfe8 17. h5 Bh7 18. d4 cxd4 19. cxd4 Nf6
20. dxe5 dxe5 21. Qc2 Ng4 {0-1 Rublevsky,S-Rabiega,R/Frankfurt Masters 2000/
The Week in Chess 294 (66)}) (11... Bg6 12. Qa4 Qd7 13. Bg5 Rab8 14. b3 h6 15.
Bxf6 Bxf6 16. Ne3 Bg5 17. Nxg5 hxg5 18. g4 f6 19. Kh1 Bf7 20. Qa3 Qc7 21. d4
cxd4 22. cxd4 Rfd8 23. dxe5 dxe5 24. Nf5 c5 {1-0 Yastreb,K-Kononenko,D/UKR-ch
Alushta 2002/ChessBase (39)}) 12. g4 Bg6 13. Ng3 Nc7 14. d4 cxd4 15. cxd4 f6
16. Be3 c5 $5 17. dxc5 dxc5 18. Nh4 Bf7 19. Nhf5 Ne6 20. Rc1 Nd4 21. b3 a5 $14
{1/2-1/2 Nevednichy,V-Babula,V/Krynica (zt) 73/(237) 1998/Inf 73 (40)}) 6. c3
Nf6 7. Re1 Bg4 8. h3 (8. d4 cxd4 9. cxd4 Qc7 (9... exd4 10. Qxd4 (10. Qa4 $2
Bxf3 11. Qxc6+ Nd7 12. gxf3 Rc8 13. Qb5 (13. Qd5 $2 Rc5 $1 14. Qxd4 Rxc1 $1 $19
) 13... Rc5 14. Qf1 $8 g6 $17 {|^}) 10... Bxf3 11. gxf3 Be7 12. e5 (12. Nc3 $5
$11) 12... dxe5 (12... Nd5 $5 13. exd6 Qxd6 14. Qxg7 Qg6+ $1 (14... Kd7 15.
Qxf7 $1 Rhg8+ 16. Kh1 Raf8 17. Qh5 $13) 15. Qxg6 hxg6 $44) 13. Qxe5 Qd7 14. Bd2
$1 (14. Nc3 O-O $1 $15 {/\} 15. Qxe7 Rfe8 $19) (14. Bg5 h6 $1 {/\} 15. Bxf6
gxf6 16. Qxf6 Rg8+ 17. Kh1 O-O-O $19) 14... Nd5 $6 (14... Kf8 {/\ Bd6}) 15. Nc3
f6 16. Qh5+ g6 17. Nxd5 cxd5 18. Qh4 Kf7 $132 {0-1 Tseitlin,M-Akopian,V/
Beer_Sheva 1992/Inf 55/[Akopian,V] (49)}) (9... Nd7 10. Be3 Be7 11. Nbd2 exd4
12. Bxd4 O-O 13. Qc2 Rc8 14. Qc3 Nf6 15. h3 c5 16. hxg4 cxd4 17. Qxd4 Nxg4 18.
Nc4 Qc7 19. Rac1 Rfd8 {1/2-1/2 Ye Jiangchuan-Ni Hua/Wch KO Tripoli 2004/The
Week in Chess 503 (24)}) 10. Nbd2 Be7 11. h3 Bh5 12. dxe5 dxe5 13. Nc4 Rd8 14.
Qb3 Rb8 15. Qe3 Nd7 16. Bd2 Bc5 17. Qd3 Bxf3 18. Qxf3 O-O 19. Red1 Bd4 20. Qg3
Qd8 21. Bc3 c5 22. Nxe5 Nxe5 {1/2-1/2 Rublevsky,S-Leitao,R/Poikovsky 2001/The
Week in Chess 341 (31)}) 8... Bh5 9. d4 cxd4 10. cxd4 Nd7 (10... exd4 11. e5
dxe5 12. g4 Nxg4 13. Nxe5 Nxe5 14. Rxe5+ Be7 15. Qxh5 O-O 16. Na3 Bf6 17. Bg5
Bxg5 18. Rxg5 g6 19. Qh6 Re8 20. Rg4 f5 21. Rh4 Re7 22. Rd1 c5 23. Kh2 Qb8+ {
1/2-1/2 Chase,C-Khachiyan,M/Las Vegas National op 2004}) 11. Be3 $146 (11. g4
Bg6 12. Qc2 (12. dxe5 dxe5 13. Bg5 f6 14. Bd2 Nc5 15. Nc3 h5 16. Nh4 Bf7 17.
Nf5 g6 18. Ng3 hxg4 19. hxg4 Nd3 20. Qa4 Qd7 21. Re2 Nxb2 22. Qa6 Bc4 23. Qa5
Bxe2 24. Ncxe2 Nc4 25. Qc3 Nxd2 26. Rd1 Nf3+ {Breder,D-Karpov fan/Canarias en
Red prel 2nd blitz 2004/EXT 2005/0-1 (41)}) 12... Rc8 13. dxe5 Nxe5 14. Qc3
Nxf3+ 15. Qxf3 Be7 16. Be3 O-O 17. Nc3 Bf6 18. Rad1 Qe7 19. Bf4 Be5 20. Qe3 f6
21. Bg3 Rfe8 22. Kg2 Rcd8 23. Bxe5 fxe5 24. Rd2 Rd7 25. f3 Bf7 26. Red1 Red8 {
1/2-1/2 Dueckstein,A-Lapienis,D/Wien op 1996/ChessBase (26)}) 11... Be7 (11...
Qb6 12. d5 $5 (12. g4 Qxb2 13. gxh5 Qxa1 14. Qc2 Rb8 $8) (12. b3 Bxf3 13. gxf3
Qd8 14. f4 $5 $36) 12... c5 (12... Qxb2 $2 13. dxc6 Qxa1 14. cxd7+ Kxd7 15.
Qa4+ Ke7 16. Qc6 $18) 13. Nbd2 Qxb2 $140 14. Qa4 $40 {[%cal Ga4e7,Ga1b1]}) 12.
Nbd2 exd4 (12... O-O $5 13. Qc2 Rc8 14. Rac1 $14) 13. Bxd4 O-O 14. Nf1 {
[%cal Gf1g3]} (14. Qc2 $5 $14) 14... Qa5 $6 {Taking into account White's reply
maybe it was better to wait with this move.} (14... Bf6 $142 $5) 15. Bc3 Qc7
16. Ng3 {White's is ahead in development, so his chances are higher.} Bxf3 (
16... Bg6 17. Nd4 Bf6 18. Ndf5 $36) 17. Qxf3 $36 {[%csl Gc3,Gf3,Gg3][%cal
Gg3f5] White got a clear initiative on the kingside and Sorokin finds himself
in deep trouble.} Ne5 (17... Bf6 18. Nf5 Be5 (18... Ne5 $143 19. Qg3 {[%cal
Rf2f4]}) 19. Bxe5 Nxe5 20. Qa3 $5 Rfd8 21. Rad1 $16 {[%csl Ga3,Rd6,Gf5]}) 18.
Qe3 g6 (18... Bf6 19. Nh5) (18... Rfe8 19. Nf5 Bf6 20. Rad1 $16) 19. f4 Nd7 20.
Nf5 $1 {This move gives White an overwhelming positional advantage.} Bf6 21.
Bxf6 $1 (21. Nh6+ Kg7 (21... Kh8 22. Bxf6+ Nxf6 23. Qc3 Kg7 24. Ng4 Qe7 25. e5
$16 (25. Rad1 $16)) 22. Ng4 Bxc3 23. Qxc3+ f6 24. Rac1 $36) 21... Nxf6 22. Qd4
{[%csl Gd4,Gf5,Rg8] Black has great problems to defend his exposed dark
squares on the kingside.} gxf5 (22... Qb6 $5 23. Qxb6 axb6 24. Nxd6 Nh5 25. f5
$16) 23. Qxf6 Qd8 (23... fxe4 $5 24. Rxe4 (24. Re3 Rfe8 (24... Qb6 25. Rae1
Rfe8 26. Kh2 Qd8 (26... Re6 27. Rg3+ Kf8 28. Qh8+) 27. Rg3+ Kf8 28. Qg7+ Ke7
29. Rxe4+ Kd7 30. Rb3 $1 $18) 25. Rg3+ Kf8 26. Rd1 d5 27. Rg5 $1 $16) 24...
Rfe8 25. Rae1 Rxe4 26. Rxe4 $18) 24. Qxf5 $18 {Rest is simple: White keeps
material and positional advantage.} Qb6+ 25. Kh2 Qxb2 26. e5 $1 {[%csl Rg8]
[%cal Oe5d6,Re1e3]} Rfe8 (26... f6 27. Rab1 Qf2 28. Rb7 Qh4 29. exd6 $18) 27.
Qg5+ (27. exd6 $18) 27... Kf8 (27... Kh8 $142 $5) 28. Qh6+ Kg8 29. f5 $1 $18
Kh8 (29... Qc2 30. Re3) 30. Qf6+ Kg8 31. Re4 1-0

[Event "FIDE World Cup"]
[Site "Khanty-Mansiysk"]
[Date "2005.11.29"]
[Round "1.3"]
[White "Kobalia, Mihail"]
[Black "Zhang, Zhong"]
[Result "0-1"]
[WhiteElo "2634"]
[BlackElo "2598"]
[Annotator "Psakhis,L"]
[PlyCount "88"]
[EventDate "2005.11.27"]
[EventType "k.o."]
[EventRounds "7"]
[EventCountry "RUS"]
[SourceTitle "CBM 111"]
[Source "ChessBase"]
[SourceDate "2006.04.04"]
[SourceVersion "1"]
[SourceVersionDate "2006.04.04"]
[SourceQuality "1"]

1. e4 c5 2. Nf3 Nc6 3. Bb5 d6 4. Bxc6+ bxc6 5. O-O Bg4 6. h3 Bh5 7. c3 ({
White could have made the very interesting move} 7. e5 $5 {starting concrete
play immediately, while White has clear advantage in development. A
continuation could have been} dxe5 (7... e6 $6 8. exd6 Bxd6 9. d3 Ne7 10. Nbd2
O-O 11. Ne4 Nd5 12. Re1 Re8 13. Ng3 Bg6 14. Ne4 Bc7 $5 (14... Bh5 15. Ng3) 15.
Nxc5 e5 16. a3 f5 17. c4 $1 Nf6 18. d4 $1 {1-0 Shirov,A (2695)-Gelfand,B (2710)
/Dortmund cm 2002/ChessBase}) (7... d5 {or} 8. e6 $5 fxe6 9. Re1 $44) 8. g4 $5
e4 9. gxh5 (9. Ne5 Bg6 10. Nc3 Qc7 11. f4 $44) 9... exf3 10. Nc3 {/\Q:f3} (10.
Qxf3 Qd5 $15) 10... Rc8 (10... Nf6 11. Qxf3 Qd7 12. d3 g6 (12... Nd5 13. Ne4 e6
14. Be3 $14) 13. h6 Nd5 14. Ne4 Qf5 15. Qxf5 gxf5 16. Nxc5 e5 17. Nb3 O-O-O {
Hasangatin,R (2517)-Dobrov,V (2443)/Voronezh 2003/ (24)}) 11. Qxf3 e6 12. d3
Qf6 13. Qg3 Qf5 14. Re1 Qxh5 15. Re5 Qg6 16. Rg5 Qf6 17. Ne4 Qd8 18. Rxg7 Nf6
19. Nxf6+ Qxf6 20. Rg4 Be7 21. Bf4 Qf5 22. Re1 Bf6 23. Be5 h5 24. Bxf6 Qxf6 {
1-0 Rublevsky,S (2652)-Dreev,A (2694)/RUS-ch Superfinal Moscow 2005/ (41)}) (7.
Re1 Nf6 8. d3 e6 9. Nbd2 Nd7 $1 10. Nf1 Be7 11. Ng3 Bg6 12. Bf4 (12. Bd2 {
[ /\ 13. b4, 13. Bc3, 14. d4 |^ ]} h5 $1 {[ /\ h4, Bh5, g5-g4 -> ]} (12... O-O
{/\ d5 =}) 13. Ne2 $5 (13. Bc3 h4 {/\ e5, Bh5}) 13... h4 (13... e5 14. g3 h4
15. g4 {/\ b4 <=>}) 14. Nf4 Bh7 15. e5 $6 d5 16. g4 $5 (16. Nh5 Bg6 17. Nf4 Bf5
{/\ g5-g4 ->>>}) 16... hxg3 17. fxg3 Qb8 $1 {0-1 Titov,G-Yudasin,L/Kostroma
1985}) 12... O-O 13. Qe2 f6 14. Rad1 Bf7 15. Bc1 Re8 16. Nh2 Bf8 17. f4 e5 18.
b3 exf4 19. Bxf4 Ne5 20. Nf3 Qd7 21. Nxe5 fxe5 22. Bc1 Be6 23. Rf1 Be7 24. Nf5
Bf6 {1/2-1/2 Mamedov,N (2463)-Radjabov,T (2673)/Baku Presidents Cup 2005/The
Week in Chess 548 (49)}) 7... Nf6 8. Re1 e6 9. d4 ({It is quite possible that
the slow move} 9. d3 Be7 10. Nbd2 Nd7 11. Nf1 (11. Nc4 O-O 12. Bf4 d5 13. Ne3
Bg6 14. Qa4 c4 15. dxc4 Nc5 16. Qd1 Nxe4 17. Ne5 Bc5 18. b4 Nxc3 19. Qb3 Bd4
20. Nxc6 Qb6 21. Nxd4 Qxd4 22. Bd6 Ne2+ 23. Kh1 dxc4 24. Qxc4 Qxd6 25. Rxe2 Bd3
{Sedina,E (2422)-Charochkina,D (2183)/EUR-chW Chisinau 2005//1/2-1/2 (45)})
11... O-O 12. g4 Bg6 13. Ng3 d5 14. c4 Bd6 15. Qe2 a5 16. Kg2 a4 17. Bg5 f6 18.
exd5 Bxg3 19. fxg3 cxd5 20. Bd2 e5 21. Nh4 Bf7 22. Nf5 Rb8 23. Rab1 Kh8 {
Shirov,A (2704)-Topalov,V (2745)/Prague Eurotel Trophy 20021-0 (52)}) 9... cxd4
$146 (9... d5 10. exd5 Qxd5 11. dxc5 Bxc5 12. Nbd2 O-O 13. Qa4 Bb6 14. Ne5 Rac8
15. Qh4 Bg6 16. Nxg6 hxg6 17. Nf3 Rfe8 18. Be3 c5 19. c4 Qf5 20. Bd2 Nh7 21.
Bc3 f6 22. Rad1 Nf8 23. Qg4 Rcd8 24. Nd2 {Prie-Tiviakov/Moscow olm 1994/
ChessBase/0-1 (37)}) 10. cxd4 Be7 11. Nc3 ({In my opinion White can only hope
for an small opening advantage by playing} 11. Nbd2 $5 {[%cal Gd1a4] .}) 11...
O-O 12. Bf4 d5 {It is clear now that Zhang Zhong managed to solve all opening
problems.} 13. exd5 cxd5 $15 {[%csl Ge7,Gh5]} 14. g4 Bg6 15. Ne5 Qb6 (15... Ne4
16. Nxg6 fxg6 17. Nxe4 Rxf4 18. Nc5 $13) 16. Na4 Qb5 {[%csl Rd4][%cal Ga8c8]
Zhang Zhong has a very comfortable game with no problems and ample counterplay.
Indeed, if anyone is better it is Black with his compact pawn structure.} 17.
h4 (17. Qb3 Qxb3 18. axb3 Rfc8 $36) 17... Rac8 {[%cal Rg6c2]} 18. Re2 h5 (18...
Nd7 $5 $15) 19. Nc3 Qa6 20. g5 Ne4 21. Bd2 ({After} 21. Nxg6 fxg6 22. Bd2 Nxc3
23. bxc3 Bd6 $5 $15 {[%csl Rd6][%cal Gf8f2] It is not so easy to neutralize
Black's initiative.}) 21... Nxc3 (21... Bf5 $5) 22. Bxc3 Bf5 23. Re3 g6 24. Qd2
Rc7 25. a3 {White has obviously lost the thread.} ({After} 25. Bb4 $5 Rc2 26.
Qe1 {his position wold have been not so bad.}) 25... f6 $5 26. gxf6 Bxf6 27.
Nf3 Be4 28. Rae1 {[%cal Ge3e4]} Qb7 29. Bb4 Rff7 30. Bc5 Bxf3 (30... e5 {
looks very promising, but I doubt that after} 31. dxe5 Qc8 $5 32. exf6 $1 Qg4+
33. Kf1 Rxc5 34. Rxe4 $1 dxe4 35. Qd8+ Kh7 36. Qe8 $1 {Black has more than
perpectual check.} Qh3+ 37. Kg1 Qg4+ $11) 31. Rxf3 Bxh4 32. Rxf7 Rxf7 33. Rxe6
Kh7 $36 34. Qd3 (34. f4 $142 $5) 34... Rf5 {[%cal Gb7f7,Oh4f2,Rb7b2]} 35. b4
Qf7 36. Re5 Rg5+ $1 {White has definitely underestimated this move.} 37. Rxg5 (
37. Kh1 Qxf2 38. Rxg5 Bxg5 39. Qd1 Bf4 $19) 37... Qxf2+ 38. Kh1 Bxg5 $19 39.
Qh3 Be3 40. Qg2 Qe1+ (40... Qh4+ $1 41. Qh2 Qe1+) 41. Kh2 Bf4+ 42. Kh3 Qe6+ 43.
Kh4 Qf6+ 44. Kh3 Qf5+ 0-1